Características de la agricultura Mexicana : proyecciones de la demanda y la oferta de productos agrícolas.

Збережено в:
Бібліографічні деталі
Автор: Rodríguez Cisneros, Manuel (autor)
Інші автори: Arangua, M. Héctor (autor) (autor)
Формат: Книга
Мова:Іспанська
Предмети:
Теги: Додати тег
Немає тегів, Будьте першим, хто поставить тег для цього запису!

MARC

LEADER 00000cam^a2200000uu^4500
001 000457831
005 20250521000000.0
008 050901s1982^^^^^^^^^^^^rd^r^^000^0^spa^d
009 20260310124054.773
035 |a FCE 000000274 
035 |a FCE 000275 
037 |a Acervo ITESO - Biblioteca 
041 |a spa 
082 0 4 |a 338.1972  |b RODc 
100 |a Rodríguez Cisneros, Manuel  |e (autor) 
245 1 0 |a Características de la agricultura Mexicana :  |b proyecciones de la demanda y la oferta de productos agrícolas. 
264 |a México :  |b SAG,  |c 1982. 
300 |a 558 p. 
336 |a texto  |b txt  |2 rdacontenido 
337 |a sin mediación  |b n  |2 rdamedio 
338 |a volumen  |b nc  |2 rdasoporte 
649 |a XX 
650 |a Alimentos 
650 |a Agricultura 
650 |a Desarrollo económico 
650 |a Desarrollo agrícola 
700 |a Arangua, M. Héctor  |e (autor) 
910 |a Fondo Centro de Estudios Educativos 
920 |a Impresos - Libros 
930 |a Fondos Especiales 
905 |a 133 
901 |a ALE000275  |b IT2  |c CEE  |u 20250521 
902 |a https://opac.biblio.iteso.mx/vufind/Record/000457831